000 00555nam a22001937a 4500
003 KOHA_MİRAKIL
005 20251224132349.0
008 251224b tu ||||| |||| 00| 0 tur d
020 _a9786256839960
040 _aTR-AnABB
_btur
_cTR-AnABB
041 _atur
082 _a810.9
_bKAP 2024
100 1 _aKaplan, Mehmet,
245 1 0 _aTürk edebiyatı üzerinde araştırmalar 1 /
_cMehmet Kaplan
260 _aİstanbul :
_bDergah Yayınları,
_c2024
300 _a560 sayfa ;
_c24 cm
650 0 4 _aTürk edebiyatı, roman
942 _2ddc
_cBK
999 _c9919
_d9919
900 _bGizem YORULMAZ